LIBRARY & INFORMATION CENTRE, KCAET, TAVANUR

ONLINE PUBLIC ACCESS CATALOGUE (OPAC)

Towards water wisdom: Limits, justice,harmony / (Record no. 13269)

MARC details
000 -LEADER
fixed length control field 00450cam a2200169ua 4500
041 ## - LANGUAGE CODE
Language code of text/sound track or separate title eng
082 ## - DEWEY DECIMAL CLASSIFICATION NUMBER
Classification number 553.7
Item number RAM/TO
100 ## - MAIN ENTRY--AUTHOR NAME
Personal name Iyer, Ramaswami R .
245 ## - TITLE STATEMENT
Title Towards water wisdom: Limits, justice,harmony /
260 ## - PUBLICATION, DISTRIBUTION, ETC. (IMPRINT)
Place of publication New Delhi :
Name of publisher Sage Publications ,
Year of publication 2007.
300 ## - PHYSICAL DESCRIPTION
Number of Pages 270 ;
Accompanying material CD.
942 ## - ADDED ENTRY ELEMENTS (KOHA)
Koha item type Books
Holdings
Withdrawn status Lost status Damaged status Home library Current library Date acquired Full call number Accession Number Koha item type
      KAUAET KAUAET 07/04/2012 553.7 IYE/TO 21795 Books
free website counter